01279nam a22003377a 4500003000500000005001700005008004100022010001000063011001000073035001000083040000900093090001000102100003700112245014000149260004100289300001000330502009700340590003700437590004100474590004100515590004100556590004200597650003300639650003900672650003200711901000700743942001000750949003600760999001700796952012800813CHAP20220329140708.0971013s1981 r 00010 d a56199 a57171 a61324 cCHAP aTesis00aZavala Fonseca, Ramón.9123776 aSelección masal moderna (estratificada) en girasol (Helianthus annuus L.) variedad tecmon-1 con presiones de selección 1, 2, 4 y 8% a(Monterrey, N.L.) :bEl autor,c1981 a86 h. aTesis (M.C. Esp. en Fitomejoramiento) -- ITESM. Div. de Ciencias Agropecuarias y Marítimas aALEPHb10c20130110lUCH01h1334 aBATCH-UPDb10c20130110lUCH01h0633 aBATCH-UPDb10c20130410lUCH01h0317 aBATCH-UPDb10c20130914lUCH01h1544 aCONVERSIONb10c20130109lUCH01h133014aGirasolxRendimiento.94817114aGirasolxSelección masal.94817414aGirasolxVariedades.948186 aBK cTESIS bBCcTESd-131773eTS1i61324si c56199d56199 00102local4051718TESISaBCbBCcPA_TESISd2012-12-17fTESISl0oTesisp-131773r2019-12-31 00:00:00w2019-12-31yTESIS